Statistics for Indian Languages

Click here to take the quiz!

General Stats

  • This quiz has been taken 378 times
  • The average score is 12 of 22

Answer Stats

Answer % Correct
Hindi
99%
Tamil
94%
Punjabi
85%
Bengali
85%
Urdu
79%
Marathi
79%
Gujarati
78%
Telugu
76%
Kannada
72%
Malayalam
71%
Assamese
57%
Kashmiri
45%
Oriya
44%
Nepali
38%
Sanskrit
36%
Konkani
35%
Sindhi
35%
Manipuri
29%
Maithili
21%
Dogri
15%
Bodo
13%
Santali
9%

Score Distribution

Percentile by Number Answered

Percent of People with Each Score

Your Score History

You have not taken this quiz